FINANCIAL INSTITUTIONS AND MARKETS STRUC (Record no. 15206)

MARC details
000 -LEADER
fixed length control field 00373nam a2200145Ia 4500
008 - FIXED-LENGTH DATA ELEMENTS--GENERAL INFORMATION
fixed length control field 240624s9999 xx 000 0 und d
041 ## - LANGUAGE CODE
Language code of text/sound track or separate title eng
082 ## - DEWEY DECIMAL CLASSIFICATION NUMBER
Classification number 332.1 BHO
100 ## - MAIN ENTRY--PERSONAL NAME
Personal name BHOLE L M
245 ## - TITLE STATEMENT
Title FINANCIAL INSTITUTIONS AND MARKETS STRUC
250 ## - EDITION STATEMENT
Edition statement (5th ed.)
260 ## - PUBLICATION, DISTRIBUTION, ETC.
Date of publication, distribution, etc. 2009
Place of publication, distribution, etc. New Delhi
Name of publisher, distributor, etc. Tata McGraw- Hill
300 ## - PHYSICAL DESCRIPTION
Extent 999 : p. : cm. ; 24
365 ## - TRADE PRICE
Currency code RS
Price amount 28
Holdings
Withdrawn status Lost status Damaged status Not for loan Home library Current library Shelving location Date acquired Source of acquisition Cost, normal purchase price Full call number Barcode Date last seen Copy number Price effective from Koha item type
Store Books       IMTN IMTN Rack 9-A 06/01/2010 BWE 410.00 332.1 BHO 15206 06/24/2024 1 06/24/2024 Books
Designed & Maintained by: LRC IMT Nagpur Contact: lrc@imtnag.ac.in© 2024. All Rights Reserved.